000 00466nam a2200169Ia 4500
003 GCL
008 140319s9999 xx 000 0 ara d
040 _aGCL /
_cGCL
082 0 4 _a922.1
_bأ أ
100 1 _aاحمد جمال العمرى
245 1 0 _aابوبكر الصولى /
_cاحمد جمال العمرى
300 _a330 ص
490 _aاعلام العرب
_v0
650 0 4 _aالتراجم
650 0 4 _aابوبكر الصولى
942 _2ddc
_cBK
999 _c40812
_d40812